[Event "Deutscher Jugend Online Cup 2020"]
[Site "Tornelo"]
[Date "2020.11.14"]
[Round "5.5"]
[White "Hommer, Jeremy"]
[Black "Albert, Markus"]
[Result "0-1"]
[WhiteElo "2180"]
[BlackElo "1926"]
[Annotator "TA"]
[PlyCount "58"]
[EventDate "2020.11.13"]
[EventType "k.o."]
[SourceTitle "playchess.com"]
[Source "ChessBase"]
[SourceQuality "1"]

{[%evp 9,58,32,34,6,12,15,28,23,16,8,27,23,41,0,38,58,45,5,57,16,14,12,7,-2,6,0,21,23,33,0,0,0,0,-126,-120,-138,-80,-187,-160,-252,-275,-267,-253,-270,-82,-1175,-654,-1929,-1712,-29995,-29996]} 1. d4 d6 2. Bf4 f5 3. e3 Nf6 4. Nf3 g6 5. h3 Bg7 6. Be2 {A80: Dutch Defence: Unusual White second moves.} O-O 7. O-O Nbd7 8. c3 {White has an edge.} Qe8 9. Bh2 {[#]} Kh8 $146 ({Predecessor:} 9... e5 10. dxe5 Nxe5 11. Bxe5 dxe5 12. Nbd2 Kh8 13. Qc2 e4 14. Nd4 f4 15. exf4 e3 {0-1 (58) Francia Arzapalo,G (1486)-Castrillon Gomez,M (2215) Lima 2016}) 10. a4 {[%cal Ba2a4,Ba4a5][%mdl 32]} e5 11. dxe5 dxe5 12. a5 a6 13. Na3 Ne4 (13... Qe7 $11) 14. Qc2 Qe7 15. b4 Nd6 16. Rac1 e4 17. Nd4 Ne5 18. c4 c6 19. c5 Nb5 $1 {[%cal Rb5a3]} 20. Nc4 Nxc4 21. Qxc4 (21. Bxc4 $11 Nxd4 22. exd4) 21... Nxd4 $17 22. exd4 {[#]} Be6 ({Black should try} 22... f4 $1 {Strongly threatening ...f3.} 23. Rfe1 Be6) 23. Qc3 (23. Qc2 $17 {was the only defense.}) 23... f4 $19 24. Bg4 (24. Bc4 $17 {was necessary.}) 24... Bxg4 25. hxg4 Rad8 26. Rcd1 f3 $2 (26... Qe6 $19 {has better winning chances. Hoping for ...f3.} 27. Rfe1 g5) 27. Bd6 $2 {[%mdl 8192]} (27. Rfe1 $17 fxg2 28. Qe3) 27... Qg5 {Threatens to win with ...Rxd6!} 28. gxf3 Rxf3 {( -> ...Rxd6)} 29. Qb2 {[#]} Rxd6 $1 {[%mdl 512] Weighted Error Value: White=0.93/Black=0.46} 0-1

[Event "Deutscher Jugend Online Cup 2020"]
[Site "Tornelo"]
[Date "2020.11.14"]
[Round "5.5"]
[White "Trunz, Michelle"]
[Black "Braeutigam, Katerina"]
[Result "1-0"]
[WhiteElo "1673"]
[BlackElo "1737"]
[Annotator "NA RC"]
[PlyCount "135"]
[EventDate "2020.11.13"]
[EventType "k.o."]
[SourceTitle "playchess.com"]
[Source "ChessBase"]
[SourceQuality "1"]
[TimeControl "600+3"]

1. d4 {[%emt 0:00:00]} Nf6 {[%emt 0:00:04]} 2. c4 {[%emt 0:00:02]} e6 {[%emt 0:00:03]} 3. Nc3 {[%emt 0:00:02]} Bb4 {[%emt 0:00:02]} 4. Qc2 {[%emt 0:00:07]} d5 {[%emt 0:00:28]} 5. e3 {[%emt 0:00:11]} Bxc3+ {[%emt 0:00:33]} 6. Qxc3 {[%emt 0:00:04]} Ne4 {[%emt 0:00:06]} 7. Qc2 {[%emt 0:00:08]} Nd7 {[%emt 0:00:05]} 8. Nf3 {[%emt 0:00:05]} b6 {[%emt 0:00:14]} 9. Bd3 {[%emt 0:00:05]} Ndf6 {[%emt 0:00:05]} 10. O-O {[%emt 0:00:09]} O-O {[%emt 0:00:15]} 11. b3 {[%emt 0:00:17]} c5 {[%emt 0:00:21]} 12. cxd5 {[%emt 0:00:18]} exd5 {[%emt 0:00:09]} 13. Ba3 {[%emt 0:00:10]} Bb7 {[%emt 0:01:16]} 14. Rac1 {[%emt 0:00:26]} Rc8 {[%emt 0:00:17]} 15. Qb2 {[%emt 0:00:26]} Re8 {[%emt 0:00:26]} 16. Bb5 {[%emt 0:00:06]} Re6 {[%emt 0:00:24]} 17. Ne5 {[%emt 0:00:29]} Nd6 {[%emt 0:01:23]} 18. Bd3 {[%emt 0:00:12]} cxd4 {[%emt 0:01:05]} 19. exd4 {[%emt 0:00:16]} Nd7 {[%emt 0:00:51]} 20. Bxd6 {[%emt 0:00:08]} Rxd6 {[%emt 0:00:06]} 21. Bf5 {[%emt 0:00:48]} Nxe5 {[%emt 0:01:58]} 22. dxe5 {[%emt 0:00:52]} Rxc1 {[%emt 0:00:06]} 23. Rxc1 {[%emt 0:00:02]} Rc6 {[%emt 0:00:25]} 24. Rxc6 {[%emt 0:00:25]} Bxc6 {[%emt 0:00:03]} 25. Qc2 {[%emt 0:00:16]} Bd7 {[%emt 0:00:04]} 26. Bxh7+ {[%emt 0:00:05]} Kh8 {[%emt 0:00:14]} 27. Bd3 {[%emt 0:00:11]} Qc8 {[%emt 0:00:10]} 28. Qxc8+ {[%emt 0:00:10]} Bxc8 {[%emt 0:00:04]} 29. Kf1 {[%emt 0:00:02]} Bb7 {[%emt 0:00:05]} 30. Ke2 {[%emt 0:00:08]} Kg8 {[%emt 0:00:02]} 31. f3 {[%emt 0:00:10]} d4 {[%emt 0:00:03]} 32. Be4 {[%emt 0:00:05]} Ba6+ {[%emt 0:00:02]} 33. Bd3 {[%emt 0:00:02]} Bb7 {[%emt 0:00:01]} 34. Bc4 {[%emt 0:00:04]} a6 {[%emt 0:00:02]} 35. b4 {[%emt 0:00:04]} b5 {[%emt 0:00:02]} 36. Bb3 {[%emt 0:00:04]} Kf8 {[%emt 0:00:01]} 37. Kd3 {[%emt 0:00:03]} Ke7 {[%emt 0:00:02]} 38. Kxd4 {[%emt 0:00:01]} f6 {[%emt 0:00:02]} 39. exf6+ {[%emt 0:00:06]} Kxf6 {[%emt 0:00:02]} 40. Bd5 {[%emt 0:00:12]} Bc8 {[%emt 0:00:02]} 41. f4 {[%emt 0:00:11]} Kf5 {[%emt 0:00:04]} 42. g3 {[%emt 0:00:06]} Kg4 {[%emt 0:00:05]} 43. Bg2 {[%emt 0:00:05]} Be6 {[%emt 0:00:04]} 44. a3 {[%emt 0:00:05]} Bc8 {[%emt 0:00:03]} 45. Kc5 {[%emt 0:00:05]} Bd7 {[%emt 0:00:03]} 46. Kd6 {[%emt 0:00:07]} Bc8 {[%emt 0:00:02]} 47. Kc7 {[%emt 0:00:18]} Be6 {[%emt 0:00:04]} 48. Kb7 {[%emt 0:00:08]} Bc4 {[%emt 0:00:05]} 49. Kxa6 {[%emt 0:00:03]} Bd3 {[%emt 0:00:04]} 50. Ka5 {[%emt 0:00:04]} Bc4 {[%emt 0:00:03]} 51. a4 {[%emt 0:00:03]} bxa4 {[%emt 0:00:02]} 52. Kxa4 {[%emt 0:00:02]} Kf5 {[%emt 0:00:02]} 53. Ka5 {[%emt 0:00:03]} Ke6 {[%emt 0:00:02]} 54. b5 {[%emt 0:00:02]} Kd7 {[%emt 0:00:04]} 55. Bc6+ {[%emt 0:00:07]} Kc7 {[%emt 0:00:02]} 56. g4 {[%emt 0:00:08]} Be2 {[%emt 0:00:04]} 57. h3 {[%emt 0:00:04]} Bf1 {[%emt 0:00:02]} 58. h4 {[%emt 0:00:03]} Be2 {[%emt 0:00:02]} 59. g5 {[%emt 0:00:02]} Bg4 {[%emt 0:00:06]} 60. Be4 {[%emt 0:00:02]} Kb8 {[%emt 0:00:04]} 61. b6 {[%emt 0:00:05]} Bd1 {[%emt 0:00:02]} 62. f5 {[%emt 0:00:05]} Bb3 {[%emt 0:00:03]} 63. h5 {[%emt 0:00:05]} Bg8 {[%emt 0:00:03]} 64. h6 {[%emt 0:00:03]} gxh6 {[%emt 0:00:10]} 65. gxh6 {[%emt 0:00:02]} Bh7 {[%emt 0:00:02]} 66. Bd3 {[%emt 0:00:02]} Kb7 {[%emt 0:00:04]} 67. Kb5 {[%emt 0:00:03]} Kb8 {[%emt 0:00:02]} 68. Ka6 {[%emt 0:00:03]} 1-0

[Event "Deutscher Jugend Online Cup 2020"]
[Site "Tornelo"]
[Date "2020.11.14"]
[Round "5.5"]
[White "Goldmann, David"]
[Black "Besou, Hussain"]
[Result "0-1"]
[WhiteElo "1644"]
[BlackElo "1804"]
[Annotator "NA RC"]
[PlyCount "50"]
[EventDate "2020.11.13"]
[EventType "k.o."]
[SourceTitle "playchess.com"]
[Source "ChessBase"]
[SourceQuality "1"]
[TimeControl "600+3"]

1. e4 {[%emt 0:00:00]} c5 {[%emt 0:00:04]} 2. Nc3 {[%emt 0:00:04]} Nc6 {[%emt 0:00:03]} 3. g3 {[%emt 0:00:01]} g6 {[%emt 0:00:01]} 4. Bg2 {[%emt 0:00:01]} Bg7 {[%emt 0:00:02]} 5. Nge2 {[%emt 0:00:02]} h5 {[%emt 0:00:02]} 6. O-O {[%emt 0:00:01]} h4 {[%emt 0:00:02]} 7. d3 {[%emt 0:00:03]} d6 {[%emt 0:00:07]} 8. Bg5 {[%emt 0:00:14]} hxg3 {[%emt 0:00:23]} 9. fxg3 {[%emt 0:00:04]} Nf6 {[%emt 0:00:05]} 10. Bxf6 {[%emt 0:00:04]} Bxf6 {[%emt 0:00:04]} 11. Rb1 {[%emt 0:00:03]} Bg4 {[%emt 0:00:05]} 12. Nd5 {[%emt 0:00:05]} Nd4 {[%emt 0:00:11]} 13. Nxf6+ {[%emt 0:00:10]} exf6 {[%emt 0:00:04]} 14. Re1 {[%emt 0:00:03]} Nxe2+ {[%emt 0:00:02]} 15. Rxe2 {[%emt 0:00:02]} Bxe2 {[%emt 0:00:02]} 16. Qxe2 {[%emt 0:00:01]} Qe7 {[%emt 0:00:01]} 17. c3 {[%emt 0:00:05]} f5 {[%emt 0:00:05]} 18. Rf1 {[%emt 0:00:06]} fxe4 {[%emt 0:00:03]} 19. Bxe4 {[%emt 0:00:03]} f5 {[%emt 0:00:03]} 20. Re1 {[%emt 0:00:17]} fxe4 {[%emt 0:00:09]} 21. Qg4 {[%emt 0:00:02]} e3 {[%emt 0:00:10]} 22. Qxg6+ {[%emt 0:00:38]} Kd7 {[%emt 0:00:04]} 23. Qg4+ {[%emt 0:00:06]} Kc7 {[%emt 0:00:02]} 24. Qf4 {[%emt 0:00:24]} Rae8 {[%emt 0:00:06]} 25. Kg2 {[%emt 0:00:07]} Rhf8 {[%emt 0:00:15]} 0-1

[Event "Deutscher Jugend Online Cup 2020"]
[Site "Tornelo"]
[Date "2020.11.14"]
[Round "5.6"]
[White "Costa, Leonardo"]
[Black "Kempe, Caius Emilian"]
[Result "1-0"]
[WhiteElo "2165"]
[BlackElo "1865"]
[Annotator "TA"]
[PlyCount "117"]
[EventDate "2020.11.13"]
[EventType "k.o."]
[SourceTitle "playchess.com"]
[Source "ChessBase"]
[SourceQuality "1"]

{[%evp 19,117,50,83,71,93,85,116,97,82,66,80,68,83,58,87,-175,-162,-118,-38,-156,-86,-189,-139,-133,-108,-368,-171,-193,-129,-218,-188,-260,-256,-297,0,-278,-269,-272,-92,-134,45,56,46,59,72,70,72,-108,-94,-84,0,0,0,0,78,12,36,22,281,139,295,258,272,155,150,127,280,67,306,139,110,69,262,207,261,182,173,175,161,0,0,1,103,-356,25,-320,-162,-821,-821,-885,-885,-885,-885,-876,-871,-885,-862,-836,803,802]} 1. e4 c5 2. Nf3 Nc6 3. d4 cxd4 4. Nxd4 g6 5. c4 Bg7 6. Be3 Nf6 7. Nc3 O-O 8. Be2 d6 9. O-O Bd7 10. Nc2 a5 {10...Qa5 gains popularity.} 11. f3 {[#] B38: Sicilian: Maroczy Bind with 5...Bg7 and 7...0-0.} h5 $146 ({Predecessor:} 11... a4 12. Na3 Qa5 13. Qd2 Rfc8 14. Rfc1 Be6 15. f4 Nd7 16. g4 Nc5 17. f5 Bd7 18. Nab5 Ne5 {1-0 (58) Navara,D (2734)-Guseinov,G (2634) Berlin 2015}) 12. Qd2 Kh7 13. Rfe1 {White is better.} Be6 14. Bf1 Nd7 15. Rad1 Nc5 16. Bg5 Qb6 17. Kh1 $2 {[%mdl 8192]} (17. Ne3 $1 $16) 17... Qxb2 $19 18. Nb5 Bh8 (18... Qxa2 $17 19. Nc3 Bxc3 20. Qxc3 f6) 19. Nc7 (19. Rb1 $15 Qxa2 20. Nc3 Bxc3 21. Qxc3) 19... Rac8 (19... Bc3 $142 20. Qc1 Qxc1 21. Bxc1 Bxe1 22. Nxa8 Rxa8 23. Rxe1 Ne5) 20. Nxe6 (20. Rb1 $17 Qxa2 21. Nd5) 20... fxe6 21. Rb1 Qxa2 22. Qf2 $2 {[%mdl 8192] [#]} (22. Qc1 $17) 22... Bd4 (22... Nxe4 $142 $1 {[%mdl 512]} 23. Qh4 (23. Rxe4 Qxb1) 23... Nxg5) 23. Qe2 Bg7 (23... Bc3 $19 24. Red1 a4) 24. f4 (24. Qd1 $17) 24... Rf7 25. Rec1 (25. Qd1 $142) 25... Nb3 26. Rd1 Nc5 $2 (26... a4 $19 {Strongly threatening ...Nca5.} 27. Qd3 Rff8) 27. e5 $2 {[%mdl 8192]} (27. Rdc1 $1 $11) 27... dxe5 28. Ra1 Qb3 $2 (28... Qb2 $1 $19 29. Rdb1 Nd4 30. Rxb2 Nxe2 31. Bxe2 exf4 {[%mdl 64] Discovered Attack}) 29. Rdb1 $17 Qd3 $2 (29... Qc3 30. Ra3 $15) (29... a4 $1 $17 {White must now prevent ...Qc3.} 30. Rxb3 axb3) 30. Qxd3 $14 Nxd3 31. Bxd3 e4 32. Bxe4 {Threatens to win with Ra3.} Bxa1 33. Nxa1 $2 (33. Rxa1 $16 e5 34. Bd5 Rxf4 35. Bxf4 exf4 36. g3) 33... Nb4 $1 $17 34. Rc1 Rc7 (34... b5 $17 35. Kg1 bxc4) 35. Nb3 $11 a4 36. Nd4 $36 {[%mdl 2048] White is pushing.} e5 (36... Na2 $1 $11 37. Re1 (37. Nxe6 $2 Nxc1 38. Nxc7 a3 $19) 37... Rxc4 38. Nxe6 Rc1) 37. Nb5 (37. fxe5 $2 Rxc4 $1 {[%mdl 512]} 38. Kg1 Rxd4 $19) (37. Ne6 $16 Rd7 38. Bh4 (38. fxe5 Nd3 $11)) 37... Rd7 38. fxe5 {e6 is the strong threat.} Rf2 $2 {[%mdl 8192]} (38... Nd3 $11 {and Black has nothing to worry.} 39. Bxd3 Rxd3) 39. h4 (39. e6 $18 {and White stays clearly on top.} Rd3 40. Bxd3 (40. Bxe7 Re3 $18) (40. Bxb7 Rc2 $16) 40... Nxd3 41. Rb1) 39... Nc6 $2 (39... e6 $16 {was necessary.}) 40. e6 $18 Rd8 41. Nc3 (41. Rb1 $18) 41... a3 $16 42. Ra1 {And now Kg1 would win.} a2 $2 (42... Ra8 $16 {might work better.}) 43. Nxa2 $2 (43. Kg1 $18 Rb2 44. Rxa2 Rxa2 45. Nxa2) 43... Rd4 $2 (43... Ra8 $14) 44. Nc3 (44. Bd5 $18) 44... Rxc4 45. Ra3 Ne5 $2 (45... b5 $14) 46. Kh2 ({Weaker is} 46. Bxe7 Rf1+ 47. Kh2 Rc1 $16) (46. Bxb7 Rc2 $16) 46... Nc6 47. Bd3 Rd4 48. Bb1 Rb2 49. Bc1 $2 (49. Be4 $18) 49... Rbb4 50. g3 b5 {[#]} (50... Ne5 $11) 51. Be3 $2 {[%mdl 8192]} (51. Kh3 $1 $16 {and life is bright.}) 51... Rd8 $2 ({Black should try} 51... Rb2+ $19 52. Kh3 b4 {[%mdl 64] Double Attack}) 52. Bc5 $2 {[%mdl 8192]} (52. Kh3 $11) 52... Rc4 (52... Rb2+ $142 53. Kg1 b4 54. Bxb4 Nxb4) 53. Be3 $2 (53. Ne4 Rd1 54. Rb3 (54. Ng5+ $2 Kg7 $19) 54... Rxb1 {[%mdl 64] Remove Defender} 55. Rxb1 Rxe4 56. Ra1) 53... b4 $1 $19 {[%csl LRa3,LRc3][%cal Bb5b4,Bb4c3,Bc3c2][%mdl 96] Double Attack} 54. Rb3 Rxc3 55. Rxc3 bxc3 56. Kg2 Nb4 57. Be4 c2 58. Kf3 Rd2 $4 {[%mdl 8192]} (58... Rc8 $19 59. Bxc2 Nxc2) 59. Bxd2 {What a fight!  Weighted Error Value: White=1.10/Black=0.80} 1-0

[Event "Deutscher Jugend Online Cup 2020"]
[Site "Tornelo"]
[Date "2020.11.14"]
[Round "5.6"]
[White "B___, L___"]
[Black "Sickmann, Lisa"]
[Result "0-1"]
[WhiteElo "1348"]
[BlackElo "1510"]
[Annotator "NA RC"]
[PlyCount "86"]
[EventDate "2020.11.13"]
[EventType "k.o."]
[SourceTitle "playchess.com"]
[Source "ChessBase"]
[SourceQuality "1"]
[TimeControl "600+3"]

1. e4 {[%emt 0:00:00]} e5 {[%emt 0:00:03]} 2. Nf3 {[%emt 0:00:04]} Nc6 {[%emt 0:00:03]} 3. Bb5 {[%emt 0:00:07]} Nf6 {[%emt 0:00:03]} 4. O-O {[%emt 0:00:05]} Nxe4 {[%emt 0:00:03]} 5. d4 {[%emt 0:00:05]} Nd6 {[%emt 0:00:03]} 6. dxe5 {[%emt 0:00:09]} Nxb5 {[%emt 0:00:09]} 7. Nc3 {[%emt 0:00:05]} Nxc3 {[%emt 0:00:04]} 8. bxc3 {[%emt 0:00:03]} Be7 {[%emt 0:00:19]} 9. Bf4 {[%emt 0:00:09]} O-O {[%emt 0:00:05]} 10. Nd4 {[%emt 0:00:05]} Nxd4 {[%emt 0:00:03]} 11. cxd4 {[%emt 0:00:02]} d6 {[%emt 0:00:03]} 12. Qf3 {[%emt 0:00:08]} c6 {[%emt 0:00:12]} 13. Qg3 {[%emt 0:00:06]} Bh4 {[%emt 0:00:43]} 14. Qf3 {[%emt 0:00:22]} dxe5 {[%emt 0:00:04]} 15. Bxe5 {[%emt 0:00:05]} Bf6 {[%emt 0:00:12]} 16. Rfe1 {[%emt 0:00:09]} Bxe5 {[%emt 0:00:04]} 17. Rxe5 {[%emt 0:00:05]} Qf6 {[%emt 0:00:10]} 18. Qg3 {[%emt 0:00:12]} Bf5 {[%emt 0:00:27]} 19. c3 {[%emt 0:00:09]} Bg6 {[%emt 0:00:03]} 20. Rae1 {[%emt 0:00:04]} Qd6 {[%emt 0:00:24]} 21. Re7 {[%emt 0:00:15]} Qxg3 {[%emt 0:00:04]} 22. hxg3 {[%emt 0:00:05]} Rab8 {[%emt 0:00:05]} 23. Rd7 {[%emt 0:00:08]} Bf5 {[%emt 0:00:17]} 24. Rc7 {[%emt 0:00:09]} Be6 {[%emt 0:00:07]} 25. a4 {[%emt 0:00:19]} Rfc8 {[%emt 0:00:07]} 26. Rxc8+ {[%emt 0:00:03]} Rxc8 {[%emt 0:00:02]} 27. Rb1 {[%emt 0:00:07]} Rb8 {[%emt 0:00:06]} 28. a5 {[%emt 0:00:05]} b6 {[%emt 0:00:05]} 29. axb6 {[%emt 0:00:03]} Rxb6 {[%emt 0:00:02]} 30. Rxb6 {[%emt 0:00:02]} axb6 {[%emt 0:00:03]} 31. Kf1 {[%emt 0:00:02]} Kf8 {[%emt 0:00:03]} 32. Ke2 {[%emt 0:00:03]} Ke7 {[%emt 0:00:02]} 33. Kd3 {[%emt 0:00:05]} Kd6 {[%emt 0:00:03]} 34. Ke4 {[%emt 0:00:02]} Bd5+ {[%emt 0:00:02]} 35. Kf5 {[%emt 0:00:06]} Bxg2 {[%emt 0:00:03]} 36. f4 {[%emt 0:00:05]} c5 {[%emt 0:00:02]} 37. dxc5+ {[%emt 0:00:05]} bxc5 {[%emt 0:00:04]} 38. Kg5 {[%emt 0:00:13]} Kd5 {[%emt 0:00:04]} 39. Kf5 {[%emt 0:00:03]} Be4+ {[%emt 0:00:04]} 40. Kg4 {[%emt 0:00:03]} Kc4 {[%emt 0:00:02]} 41. f5 {[%emt 0:00:06]} Kxc3 {[%emt 0:00:02]} 42. Kf4 {[%emt 0:00:01]} Bxf5 {[%emt 0:00:03]} 43. Kxf5 {[%emt 0:00:02]} Kd3 {[%emt 0:00:02]} 0-1

[Event "Deutscher Jugend Online Cup 2020"]
[Site "Tornelo"]
[Date "2020.11.14"]
[Round "5.7"]
[White "Zhou, Lepu Coco"]
[Black "Bildat, Emilia"]
[Result "0-1"]
[WhiteElo "1882"]
[BlackElo "1852"]
[Annotator "NA RC"]
[PlyCount "54"]
[EventDate "2020.11.13"]
[EventType "k.o."]
[SourceTitle "playchess.com"]
[Source "ChessBase"]
[SourceQuality "1"]
[TimeControl "600+3"]

1. e4 {[%emt 0:00:00]} c5 {[%emt 0:00:03]} 2. Nf3 {[%emt 0:00:03]} g6 {[%emt 0:00:02]} 3. c4 {[%emt 0:00:09]} Bg7 {[%emt 0:00:03]} 4. d4 {[%emt 0:00:02]} cxd4 {[%emt 0:00:02]} 5. Nxd4 {[%emt 0:00:02]} Nc6 {[%emt 0:00:02]} 6. Be3 {[%emt 0:00:01]} Nf6 {[%emt 0:00:07]} 7. Nc3 {[%emt 0:00:02]} O-O {[%emt 0:00:04]} 8. Be2 {[%emt 0:00:05]} d6 {[%emt 0:00:01]} 9. O-O {[%emt 0:00:02]} Bd7 {[%emt 0:00:04]} 10. Rc1 {[%emt 0:00:02]} Nxd4 {[%emt 0:00:04]} 11. Bxd4 {[%emt 0:00:04]} Bc6 {[%emt 0:00:03]} 12. f3 {[%emt 0:00:22]} Nd7 {[%emt 0:00:03]} 13. b4 $14 {[%emt 0:00:20]} Bxd4+ {[%emt 0:00:14]} 14. Qxd4 {[%emt 0:00:02]} b6 {[%emt 0:00:20]} 15. Rfd1 {[%emt 0:00:43]} Rc8 {[%emt 0:00:11]} 16. Nd5 {[%emt 0:00:45]} Bxd5 {[%emt 0:00:35]} 17. exd5 {[%emt 0:00:04]} a5 {[%emt 0:00:17]} 18. a3 {[%emt 0:00:08]} axb4 {[%emt 0:00:31]} 19. axb4 {[%emt 0:00:02]} Ra8 {[%emt 0:00:04]} 20. Ra1 {[%emt 0:00:06]} Qc7 {[%emt 0:00:08]} 21. Rxa8 {[%emt 0:00:48]} Rxa8 {[%emt 0:00:05]} 22. Ra1 {[%emt 0:00:02]} Rxa1+ {[%emt 0:00:20]} 23. Qxa1 {[%emt 0:00:02]} Ne5 {[%emt 0:00:09]} 24. f4 {[%emt 0:00:22]} Nxc4 {[%emt 0:00:15]} 25. Qa8+ {[%emt 0:00:03]} Kg7 {[%emt 0:00:04]} 26. Qc6 {[%emt 0:00:02]} Qa7 {[%emt 0:00:26]} 27. Qxc4 {[%emt 0:00:08]} b5+ {[%emt 0:00:03]} 0-1

[Event "Deutscher Jugend Online Cup 2020"]
[Site "Tornelo"]
[Date "2020.11.14"]
[Round "5.7"]
[White "Trunz, Tamila"]
[Black "Kutz, Ida"]
[Result "1-0"]
[WhiteElo "1379"]
[BlackElo "1269"]
[Annotator "NA RC"]
[PlyCount "107"]
[EventDate "2020.11.13"]
[EventType "k.o."]
[SourceTitle "playchess.com"]
[Source "ChessBase"]
[SourceQuality "1"]
[TimeControl "600+3"]

1. e4 {[%emt 0:00:00]} c5 {[%emt 0:00:04]} 2. Nc3 {[%emt 0:00:04]} e6 {[%emt 0:00:04]} 3. g3 {[%emt 0:00:06]} a6 {[%emt 0:00:03]} 4. Bg2 {[%emt 0:00:03]} Nc6 {[%emt 0:00:07]} 5. d3 {[%emt 0:00:07]} Nf6 {[%emt 0:00:02]} 6. h3 {[%emt 0:00:08]} Be7 {[%emt 0:00:02]} 7. Be3 {[%emt 0:00:05]} O-O {[%emt 0:00:02]} 8. Nge2 {[%emt 0:00:02]} d5 {[%emt 0:00:05]} 9. exd5 {[%emt 0:00:08]} exd5 {[%emt 0:00:02]} 10. d4 {[%emt 0:00:05]} cxd4 {[%emt 0:00:16]} 11. Nxd4 {[%emt 0:00:04]} Nxd4 {[%emt 0:00:21]} 12. Bxd4 {[%emt 0:00:05]} Re8 {[%emt 0:00:06]} 13. O-O {[%emt 0:00:05]} Bd6 {[%emt 0:00:08]} 14. Bxf6 {[%emt 0:00:06]} Qxf6 {[%emt 0:00:10]} 15. Bxd5 {[%emt 0:00:15]} Bxh3 {[%emt 0:00:13]} 16. Re1 {[%emt 0:00:19]} Bc5 {[%emt 0:00:13]} 17. Qd2 {[%emt 0:00:33]} Qd6 {[%emt 0:00:26]} 18. Kh2 {[%emt 0:00:44]} Bg4 {[%emt 0:00:29]} 19. Ne4 {[%emt 0:00:15]} Qb6 {[%emt 0:00:16]} 20. Bxf7+ {[%emt 0:00:36]} Kxf7 {[%emt 0:00:33]} 21. Qd5+ {[%emt 0:00:32]} Be6 {[%emt 0:00:10]} 22. Qxc5 {[%emt 0:00:07]} Qxc5 {[%emt 0:00:15]} 23. Nxc5 {[%emt 0:00:03]} b6 {[%emt 0:00:15]} 24. Nxe6 {[%emt 0:00:11]} Rxe6 {[%emt 0:00:02]} 25. Rxe6 {[%emt 0:00:05]} Kxe6 {[%emt 0:00:02]} 26. c4 {[%emt 0:00:06]} Rf8 {[%emt 0:00:04]} 27. Kg2 {[%emt 0:00:04]} Rf5 {[%emt 0:00:07]} 28. b3 {[%emt 0:00:06]} b5 {[%emt 0:00:03]} 29. cxb5 {[%emt 0:00:04]} axb5 {[%emt 0:00:02]} 30. a4 {[%emt 0:00:04]} bxa4 {[%emt 0:00:02]} 31. bxa4 {[%emt 0:00:03]} Ra5 {[%emt 0:00:02]} 32. Kf3 {[%emt 0:00:06]} Rf5+ {[%emt 0:00:06]} 33. Ke3 {[%emt 0:00:04]} Ra5 {[%emt 0:00:02]} 34. Kd4 {[%emt 0:00:04]} Kd6 {[%emt 0:00:01]} 35. Kc4 {[%emt 0:00:03]} Kc6 {[%emt 0:00:02]} 36. Kb4 {[%emt 0:00:04]} Kb6 {[%emt 0:00:03]} 37. Rd1 {[%emt 0:00:11]} Rc5 {[%emt 0:00:15]} 38. Rd6+ {[%emt 0:00:05]} Rc6 {[%emt 0:00:04]} 39. a5+ {[%emt 0:00:04]} Kc7 {[%emt 0:00:04]} 40. Rxc6+ {[%emt 0:00:24]} Kxc6 {[%emt 0:00:02]} 41. Kc4 {[%emt 0:00:03]} g6 {[%emt 0:00:05]} 42. g4 {[%emt 0:00:14]} h6 {[%emt 0:00:10]} 43. Kd4 {[%emt 0:00:14]} Kb5 {[%emt 0:00:03]} 44. Ke5 {[%emt 0:00:03]} Kxa5 {[%emt 0:00:02]} 45. Kf6 {[%emt 0:00:05]} Kb5 {[%emt 0:00:02]} 46. Kxg6 {[%emt 0:00:03]} Kc5 {[%emt 0:00:02]} 47. Kxh6 {[%emt 0:00:03]} Kd5 {[%emt 0:00:01]} 48. f4 {[%emt 0:00:03]} Ke6 {[%emt 0:00:01]} 49. f5+ {[%emt 0:00:05]} Kf7 {[%emt 0:00:02]} 50. g5 {[%emt 0:00:02]} Kg8 {[%emt 0:00:02]} 51. g6 {[%emt 0:00:04]} Kh8 {[%emt 0:00:04]} 52. f6 {[%emt 0:00:07]} Kg8 {[%emt 0:00:02]} 53. f7+ {[%emt 0:00:05]} Kh8 {[%emt 0:00:05]} 54. g7# {[%emt 0:00:04]} 1-0